000 00580nam a2200217Ia 4500
008 170203s9999 xx 000 0 und d
020 _a0-029540844
050 _aFic
050 _bB245c
100 _aBardell, Graham.
245 _aColumbu's cat /
245 _cwritten and illutrated by Graham Bardell.
260 _aDon Mills, Ont. :
260 _bMaxwell Macmillan Canada,
260 _c1992
300 _a32 unnumbered pages :
300 _bcolor illustrations, map ;
300 _c29 cm
650 _aColumbus, Christopher--
650 _xJuvenile fiction.
999 _c306315
_d306315